书目信息 |
| 题名: |
新闻老照片的背后
|
|
| 作者: | 余玮 著 ;钱嗣杰 摄 | |
| 分册: | ||
| 出版信息: | 北京 新华出版社 2010.01 |
|
| 页数: | 354页 | |
| 开本: | 24cm | |
| 丛书名: | ||
| 单 册: | ||
| 中图分类: | J429.1 , I25 | |
| 科图分类: | ||
| 主题词: | 新闻摄影--xin wen she ying--中国--现代--摄影集 , 报告文学--bao gao wen xue--中国--现代 | |
| 电子资源: | ||
| ISBN: | 978-7-5011-9085-0 | |
| 000 | 01252nam0 2200277 450 | |
| 001 | 012010962332 | |
| 005 | 20100604142204.81 | |
| 010 | @a978-7-5011-9085-0@dCNY38.00 | |
| 100 | @a20100604d2010 em y0chiy0120 ea | |
| 101 | 0 | @achi |
| 102 | @aCN@b110000 | |
| 105 | @aac z 000zy | |
| 106 | @ar | |
| 200 | 1 | @a新闻老照片的背后@Axin wen lao zhao pian de bei hou@e红墙摄影家镜头中的共和国往事@f钱嗣杰摄@Fqian si jie she@g余玮著@Gyu wei zhu |
| 210 | @a北京@c新华出版社@d2010.01 | |
| 215 | @a354页@c图, 肖像@d24cm | |
| 330 | @a辽沈战役、平津战役、朝鲜停战谈判签字、毛泽东畅游长江、周恩来的万隆历险、邓小平亮相联合国特别会议、十一届三中全会召开、华国锋平实而又传奇的佳话……一个个经典的瞬间,一段段珍贵回忆。在这一张张照片后面,连着同一个名字——著名新闻摄影家钱嗣杰。本书通过描写红墙摄影家钱嗣杰的人生经历,揭示了共和国重大事件的细枝末节。 | |
| 517 | 1 | @a红墙摄影家镜头中的共和国往事@Ahong qiang she ying jia jing tou zhong de gong he guo wang shi |
| 606 | 0 | @a新闻摄影@Axin wen she ying@y中国@z现代@j摄影集 |
| 606 | 0 | @a报告文学@Abao gao wen xue@y中国@z现代 |
| 690 | @aJ429.1@v4 | |
| 690 | @aI25@v4 | |
| 701 | 0 | @a余玮@Ayu wei@4著 |
| 702 | 0 | @a钱嗣杰@Aqian si jie@4摄 |
| 801 | 0 | @aCN@bQSSK@c20100604 |
| 905 | @b781949-51@dJ429.1@eY772@f3 | |
| 新闻老照片的背后:红墙摄影家镜头中的共和国往事/钱嗣杰摄/余玮著.-北京:新华出版社,2010.01 |
| 354页:图, 肖像;24cm |
| ISBN 978-7-5011-9085-0:CNY38.00 |
| 辽沈战役、平津战役、朝鲜停战谈判签字、毛泽东畅游长江、周恩来的万隆历险、邓小平亮相联合国特别会议、十一届三中全会召开、华国锋平实而又传奇的佳话……一个个经典的瞬间,一段段珍贵回忆。在这一张张照片后面,连着同一个名字——著名新闻摄影家钱嗣杰。本书通过描写红墙摄影家钱嗣杰的人生经历,揭示了共和国重大事件的细枝末节。 |
| ● |
| 相关链接 |
|
|
|
正题名:新闻老照片的背后
索取号:J429.1/Y772
 
预约/预借
| 序号 | 登录号 | 条形码 | 馆藏地/架位号 | 状态 | 备注 |
| 1 | 781949 | 207819495 | 社科库309/309社科库 85排1列3层/ [索取号:J429.1/Y772] | 在馆 | |
| 2 | 781950 | 207819501 | 社科库309/309社科库 85排1列3层/ [索取号:J429.1/Y772] | 在馆 | |
| 3 | 781951 | 207819510 | 社科库309/309社科库 85排1列3层/ [索取号:J429.1/Y772] | 在馆 |